| 000 | 00437nam a2200145 i 4500 | ||
|---|---|---|---|
| 001 | 81153 | ||
| 003 | ES-MaACL | ||
| 005 | 20230906174359.0 | ||
| 007 | t| | ||
| 008 | 041103s1962 sp ||||1| spa d | ||
| 245 | 0 | 0 |
_aHomenaje a Gaspar Casal _b: célebre biólogo del siglo XVIII. |
| 260 |
_a[Barcelona : _bAcademia de Ciencias Médicas : _bAriel, _c1962] |
||
| 300 |
_a44 p. : _bil. ; _c23 cm. |
||
| 852 |
_aES-MaACL _j2036-F-13 _bR.53636 |
||
| 999 |
_c81153 _d81153 |
||